Uprising : Will Emerging Markets Shape or Shake the World Economy?

Bibliographic Details
Main Author: Magnus, George (Author)
Format: Book
Language:English
Published: Chichester: John Wiley & Sons, c2011.
Subjects:
LEADER 00967cam a2200265 7i4500
001 0000034258
005 20170419090000.0
007 ##ta
008 170419s2011 enka b 001 0 eng
020 # # |a 9780470660829  
040 # # |a MATR 
090 0 0 |a B 337.091724   |b MAG 
100 1 # |a Magnus, George   |e author  
245 1 0 |a Uprising :   |b Will Emerging Markets Shape or Shake the World Economy?   |c George Magnus. 
264 # 1 |a Chichester:   |b John Wiley & Sons,   |c c2011. 
300 # # |a ix, 358 pages;   |c 23 cm. 
336 # # |a text  |2 rdacontent 
337 # # |a unmediated  |2 rdamedia 
338 # # |a volume  |2 rdacarrier 
504 # # |a Includes bibliographical references and index 
650 # 0 |a Economic development --   |z Developing countries  
650 # 0 |a Investments, Foreign --   |z Developing countries  
651 # 0 |a Developing countries --   |x Foreign economic relations  
651 # 0 |a Developing countries --   |x Economic policy  
999 |a 0000037613  |b Book  |c Book  |e Business Information Centre